Kantön vo de Schwitz - Statistiken

Allgemein
  • Dieses Quiz wurde 212 mal gespielt
  • Das Durchschnittsergebnis liegt bei 23 aus 26
Antworten auf der Karte
Die Antworten werden auf der Karte rot bzw. grün angezeigt, abhängig davon wie oft sie richtig erraten wurden.
 
Antwortstatistiken
Kanton % Korrekt
Züri
98%
Bärn
96%
Gämf
92%
Sanggale
92%
Zoog
91%
Wallis
90%
Basel-Schtadt
89%
Aargou
88%
Baselbiet
88%
Graubünda
88%
Schwyz
88%
Tessin
88%
Uri
88%
Lozärn
87%
Schafuuse
87%
Frybùrg
86%
Thurgau
86%
Appezöll Inneroode
85%
Jura
85%
Nöieburg
85%
Obwaldä
85%
Appezäll Osseroode
84%
Nidwaudä
84%
Soledurn
83%
Waadt
83%
Glaris
82%
Keine übereinstimmenden Quizze gefunden
Verteilung der Resultate
Anzahl Personen mit jedem Resultat
Perzentil nach korrekt beantworteten Fragen
Ihre Resultats-Entwicklung
Sie haben dieses Quiz noch nicht gespielt